000 01073nam0a2200277 4500
001 RU\NLR\bibl\937289
005 20250614194019.0
010 _a5-222-07097-2
_94000
021 _aRU
_b2006-15911
_9782
035 _a(NLR Aleph) 000925484
090 _a126669
_c126669
100 _a20060421d2006 |||y0rusy50 ca
101 0 _arus
102 _aRU
105 _ay |||||||||
200 1 _aПравовые основы Российского государства
_eучебное пособие для студентов вузов
_fВ.В. Гуцол
210 _aРостов-на-Дону
_cФеникс
_d2006
215 _a444, [1] c.
_d21
225 1 _aВысшее образование
606 1 _aПраво
_jУчебные издания для высших учебных заведений
_yРоссийская Федерация
_92070216
_3RU\NLR\auth\661244932
686 _aХ62я73
700 1 _aГуцол
_bВ. В.
_gВера Васильевна
_4070
801 0 _aRU
_bNLR
_c20060421
_grcr
801 1 _aRU
_bNLR
_c20060421
942 _cBOOK
980 _aNB